000 00216nam a22000857a 4500
008 170131b xxu||||| |||| 00| 0 eng d
100 _92697
_aRamanathan
245 _aWho is Kalam?
260 _aNew Delhi
_bKoanark Press
_c2003
999 _c5858
_d5858